Best of swing & pop : 80 years /

Korporativní autor: Rozhlasový Big Band Gustava Broma
Další autoři: Brom, Gustav, 1921-1995
Jazyk: Čeština
Vydáno: [Praha] : Radioservis, [2020]
Témata:
Fyzický popis: 2 CD audio (76:49 ; 76:47) ; 12 cm
Zvukové nahrávky
Uloženo v:
LEADER 02614njm a2200541 i 4500
001 001757041
003 CZ BrMZK
005 20200716155228.0
007 sd fungnnmmned
008 200702t2020 xr mun|g fh n cze
015 |a cnb003231308 
024 3 |a 8590236107427 
028 0 1 |a CR1074-2  |b Radioservis 
040 |a BOA001  |b cze  |e rda 
041 0 |d cze  |d eng  |d slo  |g cze  |g eng 
047 |a df  |a jz  |a pp 
072 7 |a 78.011.26  |x Populární hudba. Populární písně. Populární taneční hudba  |2 Konspekt  |9 9 
080 |a 78.036.9.011.26  |2 MRF 
080 |a 78.036.011.26  |2 MRF 
080 |a 78.03.011.26  |2 MRF 
080 |a 78.085.011.26  |2 MRF 
080 |a (086.76)  |2 MRF 
245 0 0 |a Best of swing & pop :  |b 80 years /  |c Gustav Brom Czech Radio Big Band 
264 1 |a [Praha] :  |b Radioservis,  |c [2020] 
264 4 |c ©2020 
300 |a 2 CD audio (76:49 ; 76:47) ;  |c 12 cm 
336 |a hraná hudba  |b prm  |2 rdacontent 
337 |a audio  |b s  |2 rdamedia 
338 |a audiodisk  |b sd  |2 rdacarrier 
344 |a digital  |b optical  |2 rda 
347 |a audio soubor  |b CD audio  |2 rda 
500 |a Název z disku 
500 |a Fonogramy 1956-2019 Supraphon a další 
500 |a Informace o hudbě a interpretech (10 stran, i v anglickém překladu) v pouzdře 
505 2 0 |g Znělka Orchestru Gustava Broma --  |t Krokodýlí slzy --  |t Já se tiše odporoučím --  |t Já bych si rád najal dům --  |t Černá kára --  |g Směs spirituálů --  |t On the Sunny side of the street --  |t Chicago --  |t Fly me to the Moon --  |t Já o tom vím --  |t Bombardovací blues --  |t Night and day --  |t Já jsem král --  |t S'wonderful --  |t Ty nie si môj typ --  |t Máš tucet chýb --  |t New York City Blues --  |t Jen pár večerů --  |t Blues železničního mostu --  |t Route 66 --  |t Stardust --  |t Duben, první duben --  |t It don't mean a thing --  |t Bella Maria --  |t Čaruj, čaruj --  |t Tím láska nekončí --  |t Si dážď --  |t Dálnice --  |t V slovenských dolinách --  |t Medové srdiečko 
511 1 |a Gustav Brom Czech Radio Big Band, řídí Gustav Brom a další 
648 4 |a 1951-2020 
650 0 7 |a jazz  |7 ph121330  |2 czenas 
650 0 7 |a swing  |7 ph126343  |2 czenas 
650 0 7 |a populární hudba  |7 ph124352  |y 1951-2020  |2 czenas 
650 0 7 |a taneční hudba  |7 ph126436  |y 1951-2020  |2 czenas 
655 7 |a kompaktní disky  |7 fd201991  |2 czenas 
700 1 |a Brom, Gustav,  |d 1921-1995  |7 jk01013160  |4 cnd 
710 2 |a Rozhlasový Big Band Gustava Broma  |7 olak2017937510  |4 prf 
910 |a BOA001  |b CDR-1447.761 
990 |a AV 
991 |b 202007 
996 6 |b 2610829734  |c CDR-1447.761  |l MZK  |r Sklad / do 24 hodin  |n 0  |p p.v.  |w 001812160  |u 000010  |a 1  |e BOA001  |j MZK50  |s P